000 00296nam a22001337a 4500
008 170801b xxu||||| |||| 00| 0 eng d
020 _a9780201533774
041 _aeng
080 _a004
100 _a32
101 _aSHKI
245 _aARTIFICIAL INTELLIGENCE
_cWINSTON, P.H
942 _2udc
_cBK
999 _c22361
_d22361